000 00216nam a2200097Ia 4500
008 190216s9999||||xx |||||||||||||| ||und||
100 _aJain.M.K
245 0 _aPrinciples Organic Chemistry
260 _bNull
942 _cBK
999 _c2089
_d2089